Tiểu thuyết Việt Nam hiện đại; T2

Đã lưu trong:
书目详细资料
主要作者: Phan Cự Đệ
格式: 图书
语言:Undetermined
出版: Hà Nội ĐH và THCN 1975
主题:
标签: 添加标签
没有标签, 成为第一个标记此记录!
Thư viện lưu trữ: Trung tâm Học liệu Trường Đại học Cần Thơ
LEADER 00611nam a2200193Ia 4500
001 CTU_8390
008 210402s9999 xx 000 0 und d
082 |a 895.922309 
082 |b Đ250t/T2 
100 |a Phan Cự Đệ 
245 0 |a Tiểu thuyết Việt Nam hiện đại; T2 
245 0 |c Phan Cự Đệ 
260 |a Hà Nội 
260 |b ĐH và THCN 
260 |c 1975 
526 |a Văn học Việt Nam hiện đại 2 (1930 - 1945) 
526 |b SG215 
650 |a vietnamese fiction - history and criticism 
980 |a Trung tâm Học liệu Trường Đại học Cần Thơ